[Event "29th 4NCL Congress"]
[Site "Harrogate"]
[Date "2023.01.22"]
[Round "5"]
[Board "10"]
[White "Mulholland, Glenn"]
[Black "Usher, Frank"]
[Result "0-1"]
[WhiteElo "1640"]
[BlackElo "1550"]
[PlyCount "64"]
[EventDate "2023.01.20"]
[EventRounds "5"]
[EventCountry "ENG"]

1. d4 e6 2. Bf4 f5 3. e3 Nf6 4. Nf3 b6 5. Nbd2 Bb7 6. c4 Be7 7. Bd3 O-O 8. Qc2 Nc6
9. a3 Rc8 10. h3 Qe8 11. O-O h6 12. e4 Nxe4 13. Nxe4 fxe4 14. Bxe4 Rxf4 15. Ne5 Rxe4
16. Qxe4 Nxe5 17. Qxb7 Nxc4 18. Rfc1 d5 19. Qxa7 Bd6 20. Rxc4 dxc4 21. Qa6 b5 22.
Qa5 c5 23. Qd2 cxd4 24. Qxd4 Qc6 25. Rc1 Qd5 26. Qb6 Bc5 27. Qa5 Rf8 28. Rf1 e5 29.
Qe1 Bd4 30. Qe2 Qc5 31. g3 Qd5 32. Kh2 Qf3  0-1

[Event "29th 4NCL Congress"]
[Site "Harrogate"]
[Date "2023.01.22"]
[Round "5"]
[Board "11"]
[White "Matthews, Graham W"]
[Black "Weller, Colin"]
[Result "1-0"]
[WhiteElo "1583"]
[BlackElo "1614"]
[PlyCount "75"]
[EventDate "2023.01.20"]
[EventRounds "5"]
[EventCountry "ENG"]

1. d4 d6 2. Nf3 Nd7 3. Bf4 e6 4. c3 g6 5. Nbd2 Bg7 6. e4 Ne7 7. Bd3 b6 8. Qc2 Bb7
9. O-O O-O 10. Rae1 a6 11. e5 d5 12. Bg5 Rc8 13. h3 c5 14. Qd1 c4 15. Bc2 Qe8 16.
Nh2 b5 17. a3 h6 18. Be3 Nf5 19. f4 Nxe3 20. Rxe3 Qe7 21. Qg4 Kh7 22. Nhf3 Rg8 23.
Nh4 Nf8 24. f5 Qg5 25. fxg6+ Nxg6 26. Qxg5 hxg5 27. Rxf7 gxh4 28. Rxb7 Rgf8 29. Nf3
Kh6 30. Bxg6 Kxg6 31. Nxh4+ Kh5 32. Rxg7 Kxh4 33. Rh7+ Kg5 34. Rg3+ Kf4 35. Rf3+
Kg5 36. Rg7+ Kh6 37. Rgf7 Rg8 38. R7f6+  1-0

[Event "29th 4NCL Congress"]
[Site "Harrogate"]
[Date "2023.01.22"]
[Round "5"]
[Board "12"]
[White "McKay, Mark"]
[Black "Oliver, Peter J R"]
[Result "1-0"]
[WhiteElo "1691"]
[BlackElo "1602"]
[PlyCount "23"]
[EventDate "2023.01.20"]
[EventRounds "5"]
[EventCountry "ENG"]

1. e4 d6 2. d4 Nf6 3. Nc3 g6 4. Bg5 Bg7 5. e5 dxe5 6. dxe5 Qxd1+ 7. Rxd1 Ng4 8. Nd5
Bxe5 9. f4 Bd6 10. Bxe7 Bxf4 11. Bf6 O-O 12. Ne7#  1-0

[Event "29th 4NCL Congress"]
[Site "Harrogate"]
[Date "2023.01.22"]
[Round "5"]
[Board "13"]
[White "Pearce, Neville R"]
[Black "Blower, Trevor R"]
[Result "0-1"]
[WhiteElo "1650"]
[BlackElo "1594"]
[PlyCount "40"]
[EventDate "2023.01.20"]
[EventRounds "5"]
[EventCountry "ENG"]

1. e4 g6 2. d4 Bg7 3. c4 d6 4. Be3 Nf6 5. f3 O-O 6. Bd3 c6 7. Ne2 Qc7 8. O-O Nbd7
9. Nbc3 e5 10. Rc1 exd4 11. Nxd4 Ne5 12. b4 d5 13. cxd5 Neg4 14. fxg4 Nxg4 15. Bf4
Bxd4+ 16. Kh1 Be5 17. g3 Qb6 18. Bxe5 Nxe5 19. a3 Bh3 20. Na4 Qe3  0-1

[Event "29th 4NCL Congress"]
[Site "Harrogate"]
[Date "2023.01.22"]
[Round "5"]
[Board "14"]
[White "Boustred, Noel J"]
[Black "Robinson, Steve"]
[Result "1/2-1/2"]
[WhiteElo "1644"]
[BlackElo "1371"]
[PlyCount "21"]
[EventDate "2023.01.20"]
[EventRounds "5"]
[EventCountry "ENG"]

1. e4 Nf6 2. e5 Nd5 3. d4 d6 4. Nf3 Bg4 5. Be2 Nc6 6. h3 Bh5 7. c4 Nb6 8. e6 h6 9.
b3 fxe6 10. O-O Qd7 11. Ne5  1/2-1/2

[Event "29th 4NCL Congress"]
[Site "Harrogate"]
[Date "2023.01.22"]
[Round "5"]
[Board "15"]
[White "Merry, John D"]
[Black "Oliver, Bruce R"]
[Result "1/2-1/2"]
[WhiteElo "1603"]
[BlackElo "1643"]
[PlyCount "46"]
[EventDate "2023.01.20"]
[EventRounds "5"]
[EventCountry "ENG"]

1. e4 b6 2. d4 Bb7 3. Bd3 e6 4. Nf3 Nf6 5. Nbd2 c5 6. O-O cxd4 7. Nxd4 Nc6 8. Nxc6
dxc6 9. Qe2 Be7 10. c3 O-O 11. h3 Qc7 12. Nf3 Rad8 13. e5 Nd7 14. Bf4 Nc5 15. Bc4
b5 16. b4 Na4 17. Qc2 Nb6 18. Bb3 c5 19. Qe2 Bd5 20. Bxd5 Nxd5 21. Bd2 cxb4 22. cxb4
Nxb4 23. Bxb4 Bxb4  1/2-1/2

[Event "29th 4NCL Congress"]
[Site "Harrogate"]
[Date "2023.01.22"]
[Round "5"]
[Board "16"]
[White "Duffell, Andrew"]
[Black "Berry, Mike"]
[Result "1-0"]
[WhiteElo "1556"]
[BlackElo "1611"]
[PlyCount "89"]
[EventDate "2023.01.20"]
[EventRounds "5"]
[EventCountry "ENG"]

1. d4 d5 2. c4 e6 3. Nc3 c6 4. e4 dxe4 5. Nxe4 e5 6. d5 Bb4+ 7. Bd2 Bxd2+ 8. Qxd2
cxd5 9. cxd5 Nf6 10. Nxf6+ Qxf6 11. Bb5+ Bd7 12. Qb4 Qb6 13. Bxd7+ Nxd7 14. Qxb6
Nxb6 15. O-O-O Rd8 16. d6 f6 17. Ne2 Nc4 18. Rhe1 Nxd6 19. Nf4 Kf7 20. Nd3 Rd7 21.
Kb1 b6 22. b3 Nb5 23. Nxe5+ fxe5 24. Rxd7+ Kf6 25. Kb2 Rc8 26. Rc1 Re8 27. Rc6+ Kf5
28. Rxg7 Rd8 29. Rf7+ Ke4 30. Rxh7 Rd2+ 31. Rc2 Rd1 32. Re2+ Kd3 33. Re3+ Kd2 34.
Rxe5 Kd3 35. Rd7+ Nd4 36. Red5 Rd2+ 37. Ka3 Kc3 38. Rc7+ Kd3 39. Rxd4+ Kxd4 40. Rd7+
Kc3 41. Rxd2 Kxd2 42. Kb2 Kd3 43. h4 Ke4 44. h5 Kf5 45. g4+  1-0

[Event "29th 4NCL Congress"]
[Site "Harrogate"]
[Date "2023.01.22"]
[Round "5"]
[Board "17"]
[White "Brown, Chris"]
[Black "Miller, Jonathan"]
[Result "1-0"]
[WhiteElo "1454"]
[BlackElo "1677"]
[PlyCount "125"]
[EventDate "2023.01.20"]
[EventRounds "5"]
[EventCountry "ENG"]

1. e4 d6 2. d4 Nf6 3. Nc3 g6 4. Nf3 Bg7 5. Bc4 O-O 6. O-O Nxe4 7. Bxf7+ Rxf7 8. Nxe4
Bg4 9. Neg5 Bxf3 10. Nxf3 Qd7 11. Re1 d5 12. c3 Nc6 13. Bg5 h6 14. Be3 Qg4 15. h3
Qd7 16. Bd2 Raf8 17. Re3 g5 18. Qc2 g4 19. hxg4 Qxg4 20. Nh2 Qf5 21. Qxf5 Rxf5 22.
Rf3 e5 23. Rxf5 Rxf5 24. dxe5 Nxe5 25. g4 Rf7 26. Rf1 Nc4 27. Bc1 Kh7 28. f4 d4 29.
cxd4 Bxd4+ 30. Kg2 Nxb2 31. Bxb2 Bxb2 32. f5 Bd4 33. Nf3 c5 34. Rd1 Bf6 35. Kg3 c4
36. Rc1 c3 37. Rc2 b5 38. Kf4 b4 39. Ne5 Re7 40. Nc6 Bg5+ 41. Kf3 Rb7 42. Ke4 b3
43. axb3 Rxb3 44. Nd4 Ra3 45. Kd3 Bd2 46. Nb5 Rb3 47. Nd4 Rb2 48. Ne2 Rxc2 49. Kxc2
Kg7 50. Nd4 Kf6 51. Nb5 a5 52. Nxc3 Bg5 53. Ne4+ Ke5 54. Nxg5 hxg5 55. Kc3 Kd6 56.
Kb3 Kd5 57. Ka4 Kd6 58. Kxa5 Kd5 59. Kb5 Kd6 60. Kb6 Kd5 61. Kc7 Ke5 62. Kd7 Kf6
63. Ke8  1-0

[Event "29th 4NCL Congress"]
[Site "Harrogate"]
[Date "2023.01.22"]
[Round "5"]
[Board "18"]
[White "McKay, Ruairidh"]
[Black "Gunarathne, Miheli"]
[Result "1-0"]
[WhiteElo "1589"]
[BlackElo "830"]
[PlyCount "97"]
[EventDate "2023.01.20"]
[EventRounds "5"]
[EventCountry "ENG"]

1. d4 d5 2. c4 c6 3. cxd5 Qxd5 4. Nc3 Qd8 5. e4 Nf6 6. Nf3 Bg4 7. h3 Bh5 8. Be2 Bg6
9. e5 Nfd7 10. O-O e6 11. b3 Bb4 12. Bd2 O-O 13. a3 Bxc3 14. Bxc3 f6 15. Bc4 fxe5
16. Bxe6+ Bf7 17. Bxd7 Nxd7 18. dxe5 Nc5 19. b4 Nb3 20. Rb1 a5 21. bxa5 Nxa5 22.
Bxa5 Rxa5 23. Rxb7 Rd5 24. Qc1 Qc8 25. Rb6 c5 26. Re1 Re8 27. Qe3 Re6 28. Rxe6 Qxe6
29. Ng5 Qg6 30. Nxf7 Qxf7 31. Qc3 Rd8 32. Qxc5 Re8 33. a4 Rf8 34. e6 Qf6 35. e7 Re8
36. Qe5 Qxe5 37. Rxe5 Kf7 38. a5 Rxe7 39. Rxe7+ Kxe7 40. a6 Kf7 41. a7 Kg8 42. a8=Q+
Kf7 43. g4 g5 44. h4 gxh4 45. Qd5+ Kg6 46. Qh5+ Kf6 47. Qxh4+ Ke5 48. Qxh7 Kf4 49.
Qf5#  1-0

[Event "29th 4NCL Congress"]
[Site "Harrogate"]
[Date "2023.01.22"]
[Round "5"]
[Board "19"]
[White "Dargue, Peter W"]
[Black "English, Andrew JP"]
[Result "1/2-1/2"]
[WhiteElo "1421"]
[BlackElo "1544"]
[PlyCount "77"]
[EventDate "2023.01.20"]
[EventRounds "5"]
[EventCountry "ENG"]

1. e4 c5 2. Nf3 g6 3. c3 Bg7 4. d4 cxd4 5. cxd4 d5 6. e5 Nc6 7. Bb5 Nh6 8. h3 O-O
9. O-O Qb6 10. Bxc6 Qxc6 11. b3 Re8 12. Nh4 Nf5 13. Nxf5 Bxf5 14. Be3 Rac8 15. Qd2
Qc2 16. Na3 Qxd2 17. Bxd2 Bd7 18. Rac1 a6 19. Rc3 Rxc3 20. Bxc3 Rc8 21. Bd2 b5 22.
Rc1 Rxc1+ 23. Bxc1 Bf5 24. Bd2 e6 25. Kf1 Bf8 26. b4 h5 27. h4 Kh7 28. Ke1 Bh6 29.
f4 Bf8 30. Kd1 Be7 31. g3 f6 32. Nc2 Bxc2+ 33. Kxc2 fxe5 34. fxe5 Bf8 35. Kb3 Bh6
36. Bg5 Bf8 37. a3 Kg8 38. Bf6 Kf7 39. Kc3  1/2-1/2

[Event "29th 4NCL Congress"]
[Site "Harrogate"]
[Date "2023.01.22"]
[Round "5"]
[Board "20"]
[White "Galloway, Peter"]
[Black "Coleman, Patrick N"]
[Result "1/2-1/2"]
[WhiteElo "1372"]
[BlackElo "1514"]
[PlyCount "59"]
[EventDate "2023.01.20"]
[EventRounds "5"]
[EventCountry "ENG"]

1. e4 c5 2. Nf3 d6 3. Bc4 e6 4. d4 cxd4 5. Nxd4 Nc6 6. Bb3 Nf6 7. Nc3 Be7 8. O-O
O-O 9. h3 a6 10. Re1 Ne5 11. Nf3 Nxf3+ 12. Qxf3 e5 13. Nd5 b5 14. Nxe7+ Qxe7 15.
Bg5 Be6 16. Bxf6 gxf6 17. Bd5 Rac8 18. Rac1 Kh8 19. c3 Rg8 20. Bxe6 fxe6 21. Kh2
Rg6 22. Qe3 Rcg8 23. Rg1 f5 24. f3 f4 25. Qf2 Qg5 26. Rc2 Qg3+ 27. Qxg3 Rxg3 28.
Re1 R3g7 29. Rd2 h5 30. Ree2  1/2-1/2

[Event "29th 4NCL Congress"]
[Site "Harrogate"]
[Date "2023.01.22"]
[Round "5"]
[Board "21"]
[White "Pringle, Andrew"]
[Black "Sayer, Ray M"]
[Result "1/2-1/2"]
[WhiteElo "1349"]
[BlackElo "1465"]
[PlyCount "41"]
[EventDate "2023.01.20"]
[EventRounds "5"]
[EventCountry "ENG"]

1. d4 d5 2. c4 e6 3. Nc3 Nf6 4. Bg5 Be7 5. e3 O-O 6. Nf3 b6 7. cxd5 exd5 8. Bd3 Re8
9. O-O Ba6 10. Re1 Bxd3 11. Qxd3 Ne4 12. Bxe7 Rxe7 13. Qb5 Nxc3 14. bxc3 Qe8 15.
Qxd5 Qc6 16. Qxc6 Nxc6 17. a4 Na5 18. Rab1 f6 19. g3 Rd8 20. Red1 Red7 21. Nh4  1/2-1/2

[Event "29th 4NCL Congress"]
[Site "Harrogate"]
[Date "2023.01.22"]
[Round "5"]
[Board "22"]
[White "Collins, Steve"]
[Black "Wilson, Jeff"]
[Result "0-1"]
[WhiteElo "1281"]
[BlackElo "1455"]
[PlyCount "78"]
[EventDate "2023.01.20"]
[EventRounds "5"]
[EventCountry "ENG"]

1. d4 Nf6 2. Bg5 e6 3. e4 Be7 4. e5 Nd5 5. Bxe7 Qxe7 6. c4 Nb6 7. Bd3 Qb4+ 8. Qd2
Nc6 9. Nf3 Qxd2+ 10. Nbxd2 Nb4 11. Bb1 d5 12. a3 Nc6 13. Bd3 h6 14. O-O g5 15. b3
g4 16. Nh4 Nxd4 17. c5 Nd7 18. f4 Nxc5 19. Bb1 Ndxb3 20. Nxb3 Nxb3 21. Ra2 c5 22.
f5 c4 23. Raf2 a5 24. Ng6 fxg6 25. fxg6 Rg8 26. g7 Kd7 27. Rf7+ Kc6 28. Bh7 Rxg7
29. Rxg7 b5 30. Rff7 b4 31. a4 c3 32. Rc7+ Kb6 33. Bd3 Nd4 34. Kf2 Ba6 35. Bxa6 Kxa6
36. Ke3 Nf5+ 37. Kd3 Nxg7 38. Rc6+ Kb7 39. Rc5 Nf5  0-1

[Event "29th 4NCL Congress"]
[Site "Harrogate"]
[Date "2023.01.22"]
[Round "5"]
[Board "23"]
[White "Weldon, James"]
[Black "Scorer, David M"]
[Result "0-1"]
[WhiteElo "1491"]
[BlackElo "1422"]
[PlyCount "102"]
[EventDate "2023.01.20"]
[EventRounds "5"]
[EventCountry "ENG"]

1. d4 Nf6 2. g3 d5 3. c4 c6 4. c5 g6 5. h4 Bg7 6. f3 Nbd7 7. g4 e5 8. h5 exd4 9.
h6 Bf8 10. Qxd4 Bxc5 11. Qc3 d4 12. Qc4 O-O 13. b4 Bb6 14. Bh3 Ne5 15. Qb3 Be6 16.
Qd1 Qe7 17. g5 Nd5 18. a3 Rfd8 19. f4 Nc4 20. Qd3 Nce3 21. Qe4 Bxh3 22. Qxe7 Nxe7
23. Bxe3 dxe3 24. Nxh3 Nf5 25. O-O Rd7 26. Nc3 Rad8 27. Ne4 Bd4 28. Rad1 Bh8 29.
Rxd7 Rxd7 30. Nf6+ Bxf6 31. gxf6 Nxh6 32. Ng5 Nf5 33. Ne4 Nd4 34. Kg2 Nxe2 35. Kf3
Nd4+ 36. Kxe3 Ne6 37. Rg1 Kf8 38. Rh1 h5 39. f5 Nd4 40. Nc5 Nxf5+ 41. Kf4 Rd6 42.
a4 b6 43. Ne4 Rd4 44. Ke5 Rxe4+ 45. Kxe4 Ng3+ 46. Kf3 Nxh1 47. Kg2 Ke8 48. Kxh1 Kd7
49. Kg2 Ke6 50. Kg3 Kxf6 51. Kf4 c5  0-1

[Event "29th 4NCL Congress"]
[Site "Harrogate"]
[Date "2023.01.22"]
[Round "5"]
[Board "24"]
[White "Simmons, Michael W"]
[Black "Gannon, Ben"]
[Result "0-1"]
[WhiteElo "1152"]
[BlackElo "1487"]
[PlyCount "84"]
[EventDate "2023.01.20"]
[EventRounds "5"]
[EventCountry "ENG"]

1. d4 Nf6 2. c4 e5 3. e3 Bb4+ 4. Bd2 Qe7 5. Nf3 e4 6. Bxb4 Qxb4+ 7. Qd2 Nc6 8. Qxb4
Nxb4 9. Na3 exf3 10. gxf3 b6 11. Be2 O-O 12. Kd2 Bb7 13. d5 c6 14. e4 Rfe8 15. Kc3
c5 16. Nb5 Re5 17. a3 Na6 18. Nd6 Bc8 19. Rae1 Nh5 20. Nf5 Kf8 21. Kd3 Nf4+ 22. Ke3
Nxe2 23. Kxe2 g6 24. Nd6 Ke7 25. f4 Rh5 26. e5 Nc7 27. Ne4 Ba6 28. d6+ Kd8 29. dxc7+
Kxc7 30. Nd6 f6 31. b3 fxe5 32. Rd1 exf4 33. Kf3 Rh3+ 34. Kxf4 Rxb3 35. Rhe1 Rf8+
36. Ke5 Rxa3 37. Nb5+ Bxb5 38. cxb5 Re8+ 39. Kd5 Rxe1 40. Rxe1 Rd3+ 41. Kc4 Rd4+
42. Kc3 Rb4  0-1